Meteostanica pomocou mikrokontroléra ESP32
Na minha lista:
| Autor principal: | |
|---|---|
| Outros Autores: | |
| Formato: | Manuscrito Livro |
| Idioma: | eslovaco |
| Publicado em: |
2025
|
| Assuntos: | |
| Acesso em linha: | http://is.stuba.sk/zp/portal_zp.pl?podrobnosti=176736 |
| Tags: |
Sem tags, seja o primeiro a adicionar uma tag!
|
MARC
| LEADER | 00000ntm a22000003a 4500 | ||
|---|---|---|---|
| 001 | stuzp103851 | ||
| 003 | SK-STU | ||
| 005 | 20250628210938.8 | ||
| 007 | ta | ||
| 008 | 150427s2015----xo-----f-mn---000-0-slo-d | ||
| 040 | |a STU |b slo | ||
| 041 | 0 | |a slo | |
| 100 | 1 | |a Richtárik, Adam |u 066000 |4 aut |U MTF Materiálovotechnologická fakulta |T MTF Ústav aplikovanej informatiky, automatizácie a mechatroniky |X 121824 |U M6000 |Y 86 |7 121824 | |
| 242 | 0 | 1 | |a Weather station based on ESP32 microcontroller |y eng |
| 245 | 1 | 0 | |a Meteostanica pomocou mikrokontroléra ESP32 |
| 260 | |c 2025 | ||
| 650 | 4 | |a Meteostanica |2 slo | |
| 650 | 4 | |a Mikrokontrolér ESP32 |2 slo | |
| 650 | 4 | |a Internet of Things |2 slo | |
| 650 | 4 | |a Senzory |2 slo | |
| 650 | 4 | |a Meteostation |2 eng | |
| 650 | 4 | |a Microcontroller ESP32 |2 eng | |
| 650 | 4 | |a Internet of Things |2 eng | |
| 650 | 4 | |a Sensors |2 eng | |
| 700 | 1 | |a Kováč, Szabolcs |u 066000 |k Z1 |4 ths |U MTF Materiálovotechnologická fakulta |T MTF Ústav aplikovanej informatiky, automatizácie a mechatroniky |X 73542 |U M6000 |Y 86 |7 73542 | |
| 856 | 4 | |u http://is.stuba.sk/zp/portal_zp.pl?podrobnosti=176736 | |
| 996 | |c M* BP-10009 |l MMSKP |s P |a 0 |w stuzp103851_0001 | ||